| 000 | 00446nam a2200181Ia 4500 | ||
|---|---|---|---|
| 003 | OSt | ||
| 005 | 20260326154504.0 | ||
| 008 | 250729s2009 xx 000 0 und d | ||
| 040 | _cAL | ||
| 041 | _akan | ||
| 082 | _a494.507 MARP | ||
| 100 |
_aVishaya Parinitha _9230599 |
||
| 245 | _aPathra lekhana kannada,english ,hindi | ||
| 260 |
_aGadaga _bMaruthi Book Center _c2009 |
||
| 300 | _a64p | ||
| 650 |
_aKannada _9230600 |
||
| 942 |
_2ddc _cBED |
||
| 999 |
_c238862 _d238862 |
||